000 00865nam a2200313Ia 4500
008 160803s9999 xx 000 0 und d
020 _a0 439223067
100 _aKline, Suzy
245 _aSong Lee and the Leech Man /
245 _cby Suzy Kline ; pictures by Frank Remkiewicz.
260 _aNew York :
260 _bScholastic Inc.
260 _c1995
300 _a53 pages :
300 _billustrations ;
300 _c20 cm
440 _aReady-to-go classroom library.,
440 _vGrade 2
500 _aOriginally published: New York : Viking, 1995.
650 _aKorean Americans --
650 _aPond animals --
650 _aSchool field trips --
650 _aSchools --
650 _xJuvenile fiction.
650 _xJuvenile fiction.
650 _xJuvenile fiction.
650 _xJuvenile fiction.
700 _a420
999 _c299613
_d299613